000 04105cam a2200745 4500
001 u52996
003 PE-LiUPU
005 20250731180152.0
020 _a8471148285
035 _a(Sirsi) i9788471148285
035 _a(Sirsi) 51319
035 _a(Sirsi) 51319
041 _aes
044 _aes
082 0 4 _a574.5
_bD13
082 0 4 _a574.5
_bD13 2002
_221
100 1 _aDajoz, Roger
245 _aTratado de ecología /
_cRoger Dajoz ; traducción y revisión técnica, María José Leiva Morales.
250 _aSegunda edición revisada y ampliada
264 1 _aMadrid :
_bMundi-Prensa,
_c2002
300 _a600 páginas :
_bilustraciones ;
_c27 cm.
336 _atext
_2rdacontent
337 _aunmediated
_2rdamedia
338 _avolume
_2rdacarrier
500 _aTraducción de: Precis d'écologie.
504 _aIncluye bibliografía
505 0 _aEcología de los organismos -- La biosfera y su historia -- Los factores ecológicos -- El clima regional y sus variaciones -- El cambio global -- Mesoclimasy microclimas.-Su influencia sobre los seres vivos -- Los factores abióticos en el agua.
526 _aSEG44
526 _aSEG26
526 _aP159
526 _aP155
526 _aP154
526 _aP153
526 _aP150
526 _aP100
526 _aP31
526 _aP30
526 _aP26
526 _aP25
526 _aP24
526 _aP22
526 _aP15
526 _aP10
596 _a1 2 3
650 1 4 _aEcología
_92193
700 1 _aLeiva Morales,María José
_etr.
859 _q68251
_h574.5
_iD13
910 _agl
_b
_cng
_d20130725
910 _btqv
_crmch
_d20180105
942 _2ddc
_cBOOK
949 _a574.5 D13 2002
_wDEWEY
_c1
_iFJ02444
_f2017-12-28
_g1
_lCCODEBUJ1
_mBUJ
_p62.35
_r0
_sY
_tBOOK
_u2016-10-3
_xINGENIERIA
_PP24
_0COMPRA
_o.STAFF. Colección General Juliaca
949 _a574.5 D13 2002
_wDEWEY
_c2
_iFJ02445
_f2017-12-28
_g1
_lCCODEBUJ1
_mBUJ
_p62.35
_r0
_sY
_tBOOK
_u2016-10-3
_xINGENIERIA
_PP24
_0COMPRA
_o.STAFF. Colección General Juliaca
949 _a574.5 D13 2002
_wDEWEY
_c3
_iFJ02446
_d2017-5-24
_e2017-5-22
_f2017-12-28
_g1
_lCCODEBUJ1
_mBUJ
_n2
_p62.35
_r0
_sY
_tBOOK
_u2016-10-3
_xINGENIERIA
_PP24
_0COMPRA
_o.STAFF. Colección General Juliaca
949 _a574.5 D13
_wDEWEY
_c1
_i68251
_d2016-4-8
_e2016-4-7
_f2018-2-12
_g4
_lCCODEBUL1
_mBUL
_n3
_p97.00
_r0
_sY
_tBOOK
_u2015-7-6
_xINGENIERIA
_PP24
_0COMPRA
_o.STAFF. Colección General
949 _a574.5 D13
_wDEWEY
_c1
_iFT02394
_d2018-4-3
_e2018-4-3
_lCCODEBUT1
_mBUT
_n1
_p130.10
_r0
_sY
_tBOOK
_u2016-4-7
_xINGENIERIA
_PP24
_0COMPRA
_o.CIRCNOTE. Este documento es muy costoso
_o.STAFF. Colección General
949 _a574.5 D13
_wDEWEY
_c2
_i69261
_d2016-4-4
_e2016-4-4
_f2018-2-12
_g4
_lCCODEBUL1
_mBUL
_n2
_p79.00
_r0
_sY
_tBOOK
_u2015-7-6
_xINGENIERIA
_PP24
_0COMPRA
_o.STAFF. Colección General
999 _a574.5 D13
_wDEWEY
_c55664
_i68251
_d55664
_e2016-4-7
_f2021-11-9
_g7
_lCCODEBUL1
_mBUL
_n3
_p97.00
_r0
_sY
_tBOOK
_u2015-7-6
_xINGENIERIA
_PP24
_0COMPRA
_o.STAFF. Colección General
999 _a574.5 D13
_wDEWEY
_c2
_i69261
_d2016-4-4
_e2016-4-4
_f2021-11-9
_g7
_lCCODEBUL1
_mBUL
_n2
_p79.00
_r0
_sY
_tBOOK
_u2015-7-6
_xINGENIERIA
_PP24
_0COMPRA
_o.STAFF. Colección General
999 _a574.5 D13
_wDEWEY
_c1
_iFT02394
_d2018-4-3
_e2018-4-3
_f2019-2-20
_g1
_lCCODEBUT1
_mBUT
_n1
_p130.10
_r0
_sY
_tBOOK
_u2016-4-7
_xINGENIERIA
_PP24
_0COMPRA
_o.CIRCNOTE. Este documento es muy costoso
_o.STAFF. Colección General
999 _a574.5 D13 2002
_wDEWEY
_c1
_iFJ02444
_f2022-1-25
_g4
_lCCODEBUJ1
_mBUJ
_p62.35
_r0
_sY
_tBOOK
_u2016-10-3
_xINGENIERIA
_PP24
_0COMPRA
_o.STAFF. Colección General Juliaca
999 _a574.5 D13 2002
_wDEWEY
_c2
_iFJ02445
_f2022-1-25
_g4
_lCCODEBUJ1
_mBUJ
_p62.35
_r0
_sY
_tBOOK
_u2016-10-3
_xINGENIERIA
_PP24
_0COMPRA
_o.STAFF. Colección General Juliaca
999 _a574.5 D13 2002
_wDEWEY
_c3
_iFJ02446
_d2017-5-24
_e2017-5-22
_f2022-1-25
_g4
_lCCODEBUJ1
_mBUJ
_n2
_p62.35
_r0
_sY
_tBOOK
_u2016-10-3
_xINGENIERIA
_PP24
_0COMPRA
_o.STAFF. Colección General Juliaca
980 _81
_gALBERTO SANCHEZ Responsable de Automatización